Category Elimination - Words #1 - Statistics

General Stats
  • This quiz has been taken 129,814 times
  • The average score is 14 of 20
Answer Stats
Group # Category % Correct
Green 1015 Any 3 letter word
100%
Green 194 ... which contains exactly two vowels
97%
Green 51 ... whose two vowels are the same
95%
Green 26 ... which starts with a consonant
92%
Orange 435 Any 5 letter word containing Z or X
83%
Purple 850 Any word starting with Q
83%
Orange 378 ... which doesn't contain a Y
81%
Blue 2068 Any 8 letter word ending -ing
80%
Blue 388 ... starting with the letter S
76%
Purple 51 ... ending in -ed
73%
Green 1 ... which ends in -a Baa
69%
Blue 41 ... that contains an M
65%
Orange 16 ... which ends in an A
61%
Purple 21 ... that is exactly 7 letters
58%
Blue 12 ... that contains double M
55%
Orange 5 ... which contains an R
53%
Purple 12 ... containing the letter I
51%
Orange 1 ... which is an animal Zebra
51%
Blue 1 ... and is a common leisure activity Swimming
45%
Purple 1 ... and is most relevant to JetPunk Quizzed
43%
No matching quizzes found
Score Distribution
Percent of People with Each Score
Percentile by Number Answered
Your Score History
You have not taken this quiz